000 00326nam a22001337a 4500
008 170324b xxu||||| |||| 00| 0 eng d
020 _a9780130262783
041 _aeng
080 _26 ED
_a615.83
100 _a8
101 _aSHM
245 _aAN EXPERIENTIAL APPROACH TO ORGANIZATION DEVELOPMENT
_cHARVEY.D
942 _2udc
_cBK
999 _c8551
_d8551